Fáklyás felvonulás, ifjúsági fogadalomtétel
Elmentve itt :
| Dokumentumtípus: | Cikk |
|---|---|
| Megjelent: |
1970-04-03
|
| Sorozat: | Délmagyarország
60 No. 78 |
| Kulcsszavak: | Rózsa István, Kommunista Ifjúsági Szövetség, Felszabadulás ünneplése Szeged 1970 |
| Online Access: | http://dmarchiv.bibl.u-szeged.hu/71631 |
| LEADER | 00493nab a2200145 i 4500 | ||
|---|---|---|---|
| 001 | delm71631 | ||
| 005 | 20180928082359.0 | ||
| 008 | 180928s1970 hu o 0|| hun d | ||
| 040 | |a SZTE Délmagyarország Archívum |b hun | ||
| 041 | |a hun | ||
| 245 | 0 | 0 | |a Fáklyás felvonulás, ifjúsági fogadalomtétel |h [elektronikus dokumentum] |
| 260 | |c 1970-04-03 | ||
| 300 | |a 4 | ||
| 490 | 0 | |a Délmagyarország |v 60 No. 78 | |
| 695 | |a Rózsa István, Kommunista Ifjúsági Szövetség, Felszabadulás ünneplése Szeged 1970 | ||